[Event "Terme Krka OPEN 2018"]
[Site "Otočec, Slovenia"]
[Date "2018.12.26"]
[Round "4.4"]
[White "Tisaj, Domen"]
[Black "Mestek, Igor"]
[Result "1-0"]
[WhiteElo "2100"]
[BlackElo "2144"]

1. d4 {[%clk 01:30:38]} {[%emt 00:00:22]} d5 {[%clk 01:30:39]} {[%emt
00:00:38]} 2. e3 {[%clk 01:30:54]} {[%emt 00:00:03]} Nf6 {[%clk 01:29:13]}
{[%emt 00:02:02]} 3. f4 {[%clk 01:30:55]} {[%emt 00:00:20]} Bf5 {[%clk
01:20:59]} {[%emt 00:08:43]} 4. Nf3 {[%clk 01:31:09]} {[%emt 00:00:29]} e6
{[%clk 01:20:42]} {[%emt 00:00:35]} 5. Bd3 {[%clk 01:31:25]} {[%emt 00:00:17]}
c6 {[%clk 01:20:14]} {[%emt 00:00:53]} 6. O-O {[%clk 01:30:51]} {[%emt
00:01:06]} Nbd7 {[%clk 01:20:00]} {[%emt 00:02:51]} 7. Ne5 {[%clk 01:28:16]}
{[%emt 00:00:57]} Be7 {[%clk 01:18:58]} {[%emt 00:01:37]} 8. Qe2 {[%clk
01:27:22]} {[%emt 00:01:33]} O-O {[%clk 01:12:14]} {[%emt 00:07:01]} 9. Nd2
{[%clk 01:27:37]} {[%emt 00:00:12]} c5 {[%clk 01:09:27]} {[%emt 00:03:18]} 10.
c3 {[%clk 01:27:46]} {[%emt 00:00:21]} a6 {[%clk 01:08:58]} {[%emt 00:01:02]}
11. a4 {[%clk 01:25:44]} {[%emt 00:02:50]} Qc7 {[%clk 01:07:41]} {[%emt
00:01:27]} 12. Kh1 {[%clk 01:22:40]} {[%emt 00:03:34]} c4 {[%clk 01:04:27]}
{[%emt 00:03:42]} 13. Bb1 {[%clk 01:21:32]} {[%emt 00:01:38]} b5 {[%clk
01:02:04]} {[%emt 00:02:54]} 14. e4 {[%clk 01:19:18]} {[%emt 00:02:45]} Bxe4
{[%clk 00:59:46]} {[%emt 00:02:45]} 15. Nxe4 {[%clk 01:19:24]} {[%emt
00:00:49]} Nxe4 {[%clk 01:00:09]} {[%emt 00:00:03]} 16. Bxe4 {[%clk 01:19:36]}
{[%emt 00:00:09]} dxe4 {[%clk 01:00:31]} {[%emt 00:00:37]} 17. Qxe4 {[%clk
01:19:48]} Rac8 {[%clk 00:50:53]} {[%emt 00:10:14]} 18. Bd2 {[%clk 01:17:23]}
{[%emt 00:02:27]} f5 {[%clk 00:43:48]} {[%emt 00:07:42]} 19. Qf3 {[%clk
01:15:10]} {[%emt 00:02:38]} Nxe5 {[%clk 00:41:33]} {[%emt 00:02:43]} 20. fxe5
{[%clk 01:14:58]} {[%emt 00:00:42]} Qc6 {[%clk 00:41:23]} {[%emt 00:01:00]} 21.
Qxc6 {[%clk 01:13:24]} {[%emt 00:01:58]} Rxc6 {[%clk 00:41:47]} {[%emt
00:00:07]} 22. axb5 {[%clk 01:13:48]} axb5 {[%clk 00:42:09]} 23. Ra7 {[%clk
01:13:21]} {[%emt 00:00:55]} Bd8 {[%clk 00:39:39]} {[%emt 00:03:02]} 24. Rfa1
{[%clk 01:13:09]} {[%emt 00:00:41]} h6 {[%clk 00:35:00]} {[%emt 00:05:10]} 25.
Rb7 {[%clk 01:11:09]} {[%emt 00:02:31]} Rb6 {[%clk 00:34:03]} {[%emt 00:01:25]}
26. Rd7 {[%clk 01:11:30]} {[%emt 00:00:09]} Kh7 {[%clk 00:32:09]} {[%emt
00:02:26]} 27. Ra8 {[%clk 01:06:23]} {[%emt 00:05:46]} Bg5 {[%clk 00:31:38]}
{[%emt 00:00:49]} 28. Rxf8 {[%clk 01:06:47]} {[%emt 00:00:19]} Bxd2 {[%clk
00:32:01]} {[%emt 00:00:11]} 29. Rff7 {[%clk 01:07:11]} Bc1 {[%clk 00:32:14]}
{[%emt 00:00:09]} 30. Rxg7+ {[%clk 01:07:17]} {[%emt 00:00:37]} Kh8 {[%clk
00:32:38]} 31. Rh7+ {[%clk 01:07:42]} Kg8 {[%clk 00:33:03]} {[%emt 00:00:09]}
32. Rdg7+ {[%clk 01:08:06]} {[%emt 00:00:03]} Kf8 {[%clk 00:33:26]} {[%emt
00:00:04]} 33. Rb7 {[%clk 01:08:31]} {[%emt 00:00:05]} Rxb7 {[%clk 00:33:38]}
{[%emt 00:00:16]} 34. Rxb7 {[%clk 01:08:54]} {[%emt 00:00:38]} Bxb2 {[%clk
00:34:02]} 35. Rxb5 {[%clk 01:09:10]} {[%emt 00:00:03]} Bxc3 {[%clk 00:34:25]}
36. d5 {[%clk 01:08:39]} {[%emt 00:00:53]} exd5 {[%clk 00:34:21]} {[%emt
00:00:36]} 37. Rxd5 {[%clk 01:09:07]} {[%emt 00:00:10]} Bb2 {[%clk 00:33:45]}
{[%emt 00:00:59]} 38. Rc5 {[%clk 01:09:24]} {[%emt 00:00:12]} Kf7 {[%clk
00:33:23]} {[%emt 00:00:51]} 39. Rc7+ {[%clk 01:08:23]} {[%emt 00:01:35]} Ke6
{[%clk 00:33:38]} {[%emt 00:00:13]} 40. Rxc4 {[%clk 01:08:45]} {[%emt
00:00:25]} Bxe5 {[%clk 00:33:41]} {[%emt 00:00:07]} 41. g3 {[%clk 01:08:22]}
{[%emt 00:00:54]} Kf6 {[%clk 00:33:28]} {[%emt 00:00:46]} 42. Kg2 {[%clk
01:08:43]} {[%emt 00:00:07]} Kg5 {[%clk 00:32:40]} {[%emt 00:01:20]} 43. Kf3
{[%clk 01:08:57]} {[%emt 00:00:11]} Bb8 {[%clk 00:32:49]} {[%emt 00:00:51]} 44.
Rc6 {[%clk 01:08:10]} {[%emt 00:00:51]} Be5 {[%clk 00:32:52]} {[%emt 00:00:25]}
45. h4+ {[%clk 01:08:19]} {[%emt 00:00:22]} Kh5 {[%clk 00:33:06]} {[%emt
00:00:14]} 46. Rc5 {[%clk 01:08:45]} {[%emt 00:00:12]} Bb8 {[%clk 00:33:21]}
{[%emt 00:00:07]} 47. Rxf5+ {[%clk 01:09:08]} {[%emt 00:00:12]} Kg6 {[%clk
00:33:46]} {[%emt 00:00:12]} 48. Rb5 {[%clk 01:09:33]} Bc7 {[%clk 00:33:56]}
{[%emt 00:00:25]} 49. Rc5 {[%clk 01:08:29]} {[%emt 00:01:24]} Bd8 {[%clk
00:33:20]} {[%emt 00:01:05]} 50. Kg4 {[%clk 01:08:46]} {[%emt 00:00:39]} Be7
{[%clk 00:33:26]} {[%emt 00:00:04]} 51. Rc6+ {[%clk 01:09:00]} {[%emt
00:00:10]} Bf6 {[%clk 00:33:37]} {[%emt 00:00:39]} 52. h5+ {[%clk 01:08:47]}
{[%emt 00:00:27]} Kf7 {[%clk 00:33:48]} {[%emt 00:00:16]} 53. Kf5 {[%clk
01:09:09]} {[%emt 00:00:29]} Bg5 {[%clk 00:34:09]} 54. Rc7+ {[%clk 01:09:33]}
{[%emt 00:00:06]} Kf8 {[%clk 00:34:27]} 55. Kg6 {[%clk 01:09:58]} {[%emt
00:00:08]} Bd2 {[%clk 00:34:11]} {[%emt 00:00:43]} 56. Rc8+ {[%clk 01:10:16]}
{[%emt 00:00:18]} Ke7 {[%clk 00:34:34]} {[%emt 00:00:10]} 57. Rh8 {[%clk
01:10:41]} {[%emt 00:00:06]} 1-0


*

[Event "Terme Krka OPEN 2018"]
[Site "Otocec"]
[Date "2018.12.26"]
[Round "4"]
[White "Kersic, Matej"]
[Black "Ruzic, Pia Marie"]
[Result "1/2-1/2"]
[WhiteElo "2138"]
[BlackElo "1619"]
[PlyCount "112"]
[EventDate "2018.12.26"]

1. e4 e6 2. d4 d5 3. Nc3 Bb4 4. e5 c5 5. a3 Bxc3+ 6. bxc3 Ne7 7. Nf3 O-O 8. Bd3
f5 9. exf6 Rxf6 10. Bg5 Rf8 11. O-O Nbc6 12. Re1 Qd6 13. Bh4 Nf5 14. Bg3 Nxg3
15. hxg3 h6 16. Bb5 Ne7 17. Bf1 c4 18. Ne5 Bd7 19. Be2 Nc6 20. Bg4 Nxe5 21.
Rxe5 Rf6 22. Qe2 b5 23. f4 a5 24. Qe3 Ra6 25. Bf3 Qf8 26. Bg4 Qd6 27. Bh3 Qf8
28. Qc1 Rb6 29. Qb2 b4 30. axb4 axb4 31. Ra7 Rf7 32. Rxd7 Rxd7 33. Bxe6+ Rxe6
34. Rxe6 Rb7 35. cxb4 Qxb4 36. Qxb4 Rxb4 37. Re5 Rb1+ 38. Kh2 Rc1 39. Rxd5 Rxc2
40. Rc5 c3 41. g4 Rd2 42. Rxc3 Rxd4 43. Kg3 Kf7 44. Rf3 Kf6 45. Kh4 Rd2 46. Kh3
Rd4 47. g3 Rd2 48. Ra3 Rd6 49. Ra5 Rc6 50. Kh4 Rb6 51. Kh5 Rc6 52. g5+ hxg5 53.
fxg5+ Kf7 54. Ra7+ Kf8 55. g4 Rb6 56. g6 Rb8 1/2-1/2

[Event "Terme Krka OPEN 2018"]
[Site "Otocec"]
[Date "2018.12.26"]
[Round "4"]
[White "Rozman, Roman"]
[Black "Siraj, Svit"]
[Result "1/2-1/2"]
[WhiteElo "1793"]
[BlackElo "1671"]
[PlyCount "77"]
[EventDate "2018.12.26"]

1. d4 d5 2. c4 e6 3. Nc3 Nf6 4. Nf3 c6 5. e3 Nbd7 6. Bd3 dxc4 7. Bxc4 b5 8. Bd3
b4 9. Na4 c5 10. O-O Be7 11. b3 Bb7 12. Bb2 cxd4 13. Bxd4 e5 14. Nxe5 Nxe5 15.
Bxe5 Qd5 16. Qf3 Qxe5 17. Qxb7 O-O 18. Qb5 Bd6 19. Qxe5 Bxe5 20. Rac1 Rac8 21.
f4 Bc3 22. Nxc3 bxc3 23. Bc4 Ne4 24. Rfd1 Rfd8 25. Rd4 Rxd4 26. exd4 Kf8 27.
Bd3 Nd6 28. Kf2 f5 29. Ke2 Kf7 30. a3 Ke6 31. Bb1 Nb5 32. Kd3 Nxa3 33. Ba2 Nb5
34. b4+ Kd6 35. Bc4 a6 36. Bxb5 axb5 37. Rxc3 Rxc3+ 38. Kxc3 Kd5 39. Kd3
1/2-1/2

[Event "Terme Krka OPEN 2018"]
[Site "Otocec"]
[Date "2018.12.26"]
[Round "4"]
[White "Skrbec, Leon"]
[Black "Jalovec, Igor"]
[Result "1-0"]
[WhiteElo "1777"]
[BlackElo "1332"]
[PlyCount "81"]
[EventDate "2018.12.26"]

1. d4 Nf6 2. Nf3 e6 3. Bf4 d5 4. e3 Be7 5. Nbd2 Nbd7 6. Bd3 O-O 7. c3 b6 8. Ne5
Bb7 9. O-O c5 10. Ndf3 c4 11. Bc2 Nh5 12. Nxd7 Qxd7 13. Ne5 Qd8 14. Qxh5 g6 15.
Qe2 Re8 16. Ba4 Rf8 17. Bh6 Rc8 18. Bxf8 Bxf8 19. f4 Bg7 20. g4 Qh4 21. Qg2 a6
22. Bc2 Rc7 23. Qg3 Qe7 24. Rae1 b5 25. e4 f6 26. Nf3 Qf7 27. exd5 exd5 28. Re2
Bc6 29. Rfe1 Bd7 30. f5 g5 31. Qxc7 Bf8 32. a4 bxa4 33. Ra1 h6 34. Bxa4 Bxa4
35. Qxf7+ Kxf7 36. Rxa4 Kg7 37. Rxa6 Kf7 38. Ree6 Bg7 39. Ra7+ Kf8 40. Rc6 Bh8
41. Rc8# 1-0

[Event "Terme Krka OPEN 2018"]
[Site "Otocec"]
[Date "2018.12.26"]
[Round "4"]
[White "Siraj, Vita"]
[Black "Janko, Marko"]
[Result "0-1"]
[WhiteElo "1501"]
[BlackElo "1484"]
[PlyCount "58"]
[EventDate "2018.12.26"]

1. d4 Nf6 2. Nf3 g6 3. Bf4 Bg7 4. e3 d6 5. Bd3 O-O 6. h3 Nbd7 7. Nc3 c5 8. Qd2
a6 9. g4 b5 10. a3 Bb7 11. Be2 Rc8 12. Rg1 Ne4 13. Qd1 cxd4 14. Nxe4 Bxe4 15.
exd4 Bxc2 16. Qd2 e5 17. dxe5 Nxe5 18. Rc1 Be4 19. Ng5 Rxc1+ 20. Qxc1 Nd3+ 21.
Bxd3 Bxd3 22. Qd2 Re8+ 23. Kd1 Be2+ 24. Kc1 Qc8+ 25. Kb1 Qc4 26. Re1 Qd3+ 27.
Ka1 Qxa3+ 28. Kb1 Bd3+ 29. Kc1 Qa1# 0-1

[Event "Terme Krka OPEN 2018"]
[Site "Otocec"]
[Date "2018.12.26"]
[Round "4"]
[White "Urbanc, Suzana"]
[Black "Mihelic, Vesna"]
[Result "1-0"]
[WhiteElo "1642"]
[BlackElo "1778"]
[PlyCount "87"]
[EventDate "2018.12.26"]

1. d4 d5 2. e3 Nf6 3. f4 e6 4. Nf3 c5 5. c3 Nc6 6. Bd3 Be7 7. O-O O-O 8. Nbd2
a6 9. Ne5 Nd7 10. Bxh7+ Kxh7 11. Qh5+ Kg8 12. Rf3 Nf6 13. Qh3 Re8 14. g4 g6 15.
Qg2 Kg7 16. f5 Qc7 17. g5 exf5 18. gxf6+ Bxf6 19. Nd3 cxd4 20. exd4 Qe7 21. Nf4
Qd6 22. Nf1 Kf8 23. Rg3 Ne7 24. Nh5 Ng8 25. Bf4 Qc6 26. Nxf6 Nxf6 27. Bh6+ Ke7
28. Re1+ Be6 29. Bg5 Qd6 30. Re5 Rad8 31. Ne3 Qc6 32. Rf3 Rd6 33. Qh3 Kd7 34.
Bxf6 f4 35. Ng4 Kc7 36. Rxf4 Qa4 37. Rxe6 Rdxe6 38. Be5+ Kb6 39. Rxf7 R8e7 40.
Rxe7 Qd1+ 41. Kg2 Rxe7 42. Nf2 Qa4 43. Qc8 Qb5 44. Qd8+ 1-0

[Event "Terme Krka OPEN 2018"]
[Site "Otocec"]
[Date "2018.12.26"]
[Round "4"]
[White "Janko, Roman"]
[Black "Vicic, Maks"]
[Result "1-0"]
[WhiteElo "1876"]
[BlackElo "1261"]
[PlyCount "74"]
[EventDate "2018.12.26"]

1. e4 c5 2. Nc3 e6 3. Bc4 Nf6 4. e5 Ng8 5. f4 Nc6 6. Nf3 Nge7 7. O-O Nf5 8. a4
Nfd4 9. d3 Be7 10. Be3 O-O 11. Ne4 f5 12. exf6 Bxf6 13. Nxc5 Nxf3+ 14. Rxf3
Bxb2 15. Rb1 Bd4 16. Qe1 b6 17. Nb3 Bxe3+ 18. Qxe3 Nb4 19. c3 Nc2 20. Qc1 Bb7
21. Rf2 d5 22. Bb5 a6 23. Qxc2 axb5 24. axb5 Qc7 25. Qe2 Rf6 26. Qe5 Qd7 27.
Nd4 Re8 28. Re1 Bc8 29. f5 Qf7 30. Rfe2 Bd7 31. fxe6 Bxe6 32. Qd6 Bd7 33. Rxe8+
Bxe8 34. Qd8 Kf8 35. Qc8 h6 36. Ne6+ Kg8 37. Nc7 Kh7 1-0

[Event "Terme Krka OPEN 2018"]
[Site "Otocec"]
[Date "2018.12.26"]
[Round "4"]
[White "Lavrencic, Matic"]
[Black "Novak, Simona"]
[Result "1-0"]
[WhiteElo "1305"]
[BlackElo "1699"]
[PlyCount "45"]
[EventDate "2018.12.26"]

1. e4 c6 2. d4 d5 3. Nc3 dxe4 4. Nxe4 Bf5 5. Ng3 Bg6 6. h4 h6 7. Nf3 Nd7 8. h5
Bh7 9. Bd3 Bxd3 10. Qxd3 e6 11. Bf4 Ngf6 12. O-O-O Be7 13. Rhe1 O-O 14. Ne5 c5
15. Qf3 Qb6 16. Nxd7 Nxd7 17. d5 e5 18. Bd2 c4 19. Nf5 Bg5 20. Bxg5 hxg5 21. d6
g6 22. hxg6 fxg6 23. Qd5+ 1-0

[Event "Terme Krka OPEN 2018"]
[Site "Otocec"]
[Date "2018.12.26"]
[Round "4"]
[White "Rozmanec, Pia"]
[Black "Hocevar, Nick"]
[Result "1-0"]
[WhiteElo "1543"]
[BlackElo "1133"]
[PlyCount "81"]
[EventDate "2018.12.26"]

1. e4 e5 2. Nf3 Nc6 3. Bb5 a6 4. Bxc6 dxc6 5. O-O Nf6 6. Nxe5 Bd6 7. Nf3 Nxe4
8. Re1 Bf5 9. d3 Qf6 10. dxe4 Be6 11. e5 Qg6 12. Nh4 Qg4 13. Qxg4 Bxg4 14.
exd6+ Be6 15. dxc7 O-O 16. Nc3 Rac8 17. Bf4 h6 18. Nf3 Bg4 19. Na4 Bxf3 20.
gxf3 Rce8 21. Rxe8 Rxe8 22. Nb6 g5 23. Bg3 f5 24. c8=Q Rxc8 25. Nxc8 f4 26.
Bxf4 gxf4 27. Rd1 Kf8 28. Rd4 Ke8 29. Nd6+ Ke7 30. Nf5+ Kf6 31. Nxh6 b5 32. h4
Kg6 33. Ng4 c5 34. Rxf4 a5 35. Ne3 c4 36. Rf8 a4 37. f4 b4 38. h5+ Kxh5 39. Rg8
Kh6 40. f5 Kh7 41. Rg3 1-0

[Event "Terme Krka OPEN 2018"]
[Site "Otocec"]
[Date "2018.12.26"]
[Round "4"]
[White "Cebron, Asja"]
[Black "Potocar, Nika"]
[Result "1-0"]
[WhiteElo "1460"]
[BlackElo "1046"]
[PlyCount "83"]
[EventDate "2018.12.26"]

1. e4 e5 2. Nf3 Nc6 3. Bc4 Bc5 4. Nc3 Nf6 5. d3 h6 6. h3 d6 7. a3 a5 8. Bd2 Qe7
9. Qe2 Be6 10. Bxe6 Qxe6 11. Be3 Bxe3 12. fxe3 d5 13. exd5 Nxd5 14. Ne4 Qg6 15.
O-O O-O 16. Nh4 Qe6 17. Nf5 Nce7 18. Neg3 Qg6 19. Qf3 c6 20. e4 Nxf5 21. Nxf5
Nb6 22. Ne7+ Kh8 23. Nxg6+ fxg6 24. Qxf8+ Rxf8 25. Rxf8+ Kh7 26. Rb8 Na4 27.
Rxb7 Nc5 28. Rc7 Ne6 29. Rxc6 Nd4 30. Rc8 Ne2+ 31. Kh2 g5 32. b4 axb4 33. axb4
Nd4 34. Rb1 Kg6 35. b5 Ne2 36. b6 Nf4 37. b7 Nh5 38. b8=Q Nf6 39. Rc6 Kh7 40.
Rxf6 gxf6 41. Rb7+ Kg6 42. Qe8# 1-0

[Event "Terme Krka OPEN 2018"]
[Site "Otocec"]
[Date "2018.12.26"]
[Round "4"]
[White "Markun, Ozbej"]
[Black "Kobe, Jure"]
[Result "1-0"]
[WhiteElo "1898"]
[BlackElo "1434"]
[PlyCount "37"]
[EventDate "2018.12.26"]

1. e4 e5 2. Nf3 Nc6 3. d4 exd4 4. Nxd4 Bc5 5. Be3 Bb6 6. Nc3 Nf6 7. Be2 O-O 8.
O-O Re8 9. Nxc6 bxc6 10. Bg5 h6 11. Bxf6 Qxf6 12. Qd2 d6 13. Rad1 Bb7 14. Kh1
Re7 15. f4 Rae8 16. Bf3 Ba5 17. a3 c5 18. e5 Bxc3 19. bxc3 1-0

[Event "Terme Krka OPEN 2018"]
[Site "Otocec"]
[Date "2018.12.26"]
[Round "4"]
[White "Pajek, Tjasa"]
[Black "Repar, Domen"]
[Result "1-0"]
[WhiteElo "1384"]
[BlackElo "1631"]
[PlyCount "107"]
[EventDate "2018.12.26"]

1. e4 e5 2. Nf3 Nc6 3. Bc4 Nf6 4. d3 Bc5 5. Be3 Bxe3 6. fxe3 O-O 7. O-O d6 8.
h3 h6 9. Nc3 Re8 10. Nd5 Nxd5 11. Bxd5 Be6 12. Bb3 Bxb3 13. axb3 a6 14. Qe2 d5
15. exd5 Qxd5 16. e4 Qc5+ 17. Kh1 Nd4 18. Nxd4 Qxd4 19. Qf3 Qxb2 20. Qxf7+ Kh8
21. Qc4 Qd4 22. Qxd4 exd4 23. Rf7 Rac8 24. Ra4 Red8 25. Rc4 Kg8 26. Rfxc7 Rxc7
27. Rxc7 b6 28. Rc6 Rb8 29. Rd6 Kf7 30. Rxd4 Ke6 31. Kg1 Ke5 32. Rd5+ Ke6 33.
c4 Rf8 34. b4 g5 35. g3 Ke7 36. Kg2 Ke6 37. c5 bxc5 38. Rxc5 Kd6 39. Ra5 Ra8
40. b5 Kc7 41. Rxa6 Rxa6 42. bxa6 Kb6 43. e5 Kc6 44. a7 Kb7 45. e6 Kc7 46. a8=Q
Kd6 47. Qa6+ Ke7 48. Qc6 h5 49. Qd7+ Kf8 50. e7+ Kg7 51. e8=R+ Kf6 52. Qe6+ Kg7
53. Re7+ Kf8 54. Qf7# 1-0

[Event "Terme Krka OPEN 2018"]
[Site "Otocec"]
[Date "2018.12.26"]
[Round "4"]
[White "Jelen, Anja"]
[Black "Jelen, Luka"]
[Result "1/2-1/2"]
[WhiteElo "1240"]
[BlackElo "1373"]
[PlyCount "69"]
[EventDate "2018.12.26"]

1. e4 e5 2. Nf3 Nc6 3. Bc4 Nf6 4. d3 Bc5 5. c3 d6 6. O-O Bg4 7. Nbd2 O-O 8. Re1
Ne7 9. b4 Bb6 10. Bb2 Ng6 11. h3 Bh5 12. Qc2 Nf4 13. d4 Re8 14. Qb3 Qd7 15. a4
a6 16. dxe5 dxe5 17. Qc2 Nxh3+ 18. gxh3 Qxh3 19. Bf1 Qg4+ 20. Bg2 Qg6 21. c4 c5
22. Bxe5 Ng4 23. Bg3 cxb4 24. Nh4 Qf6 25. Ndf3 Rad8 26. a5 Bd4 27. Nxd4 Rxd4
28. Rad1 Rxd1 29. Rxd1 Ne5 30. Re1 Nc6 31. e5 Qe6 32. Bxc6 Qxc6 33. Qe4 Qa4 34.
Qxb7 Qxa5 35. Qd5 1/2-1/2

[Event "Terme Krka OPEN 2018"]
[Site "Otocec"]
[Date "2018.12.26"]
[Round "4"]
[White "Vicic, Mark"]
[Black "Kastrevec, Andrej"]
[Result "1-0"]
[WhiteElo "1507"]
[BlackElo "1159"]
[PlyCount "59"]
[EventDate "2018.12.26"]

1. e4 e5 2. Nf3 Nc6 3. d4 exd4 4. Nxd4 Bc5 5. Be3 Qf6 6. c3 Nge7 7. Bc4 a6 8.
O-O O-O 9. Kh1 Rd8 10. f4 d5 11. e5 Qg6 12. Bd3 f5 13. Nd2 b6 14. Rf3 Bxd4 15.
cxd4 Bb7 16. Qe1 Nb4 17. Bb1 a5 18. a3 Na6 19. Qh4 Rd7 20. Rg3 Qf7 21. Nf3 Kh8
22. Ng5 Qg8 23. e6 h6 24. Nf7+ Kh7 25. Qh5 Qf8 26. Bxf5+ Nxf5 27. Qxf5+ Kg8 28.
Nxh6+ Kh8 29. Nf7+ Kg8 30. Rh3 1-0

[Event "Terme Krka OPEN 2018"]
[Site "Otocec"]
[Date "2018.12.26"]
[Round "4"]
[White "Bevc Taranis, Tin"]
[Black "Levstik, Taja"]
[Result "1-0"]
[WhiteElo "1050"]
[BlackElo "1588"]
[PlyCount "73"]
[EventDate "2018.12.26"]

1. e4 e5 2. Nf3 Nc6 3. Bc4 Nf6 4. Ng5 d5 5. exd5 Na5 6. Bb5+ c6 7. dxc6 bxc6 8.
Ba4 Bd6 9. O-O h6 10. Nf3 O-O 11. h3 e4 12. Nd4 c5 13. Nb3 Nxb3 14. Bxb3 Bd7
15. Nc3 Qc8 16. f3 c4 17. Ba4 Be6 18. Nxe4 Nxe4 19. fxe4 Bxh3 20. Qf3 Bg4 21.
Qc3 Bb8 22. d4 f6 23. Bf4 Bxf4 24. Rxf4 Bh5 25. b3 Qd8 26. Qxc4+ Kh8 27. d5 g5
28. Rf2 Rc8 29. Qd4 a5 30. c4 Kg8 31. c5 g4 32. g3 Bf7 33. Rxf6 h5 34. Qe5 Re8
35. Bxe8 Bxe8 36. Qg5+ Kh8 37. Rh6# 1-0

[Event "Terme Krka OPEN 2018"]
[Site "Otocec"]
[Date "2018.12.26"]
[Round "4"]
[White "Coz, Jera"]
[Black "Brinovar, Rosa"]
[Result "1-0"]
[WhiteElo "1482"]
[BlackElo "1575"]
[PlyCount "41"]
[EventDate "2018.12.26"]

1. e4 c5 2. Nf3 Qa5 3. Be2 e6 4. O-O Bd6 5. c3 Nf6 6. d3 Ng4 7. Na3 O-O 8. b4
cxb4 9. cxb4 Qc7 10. g3 b6 11. Bb2 Be5 12. Bxe5 Nxe5 13. Nd2 Ng4 14. Rc1 Qd6
15. Nb3 Nc6 16. d4 Ne7 17. Qd3 e5 18. Bd1 exd4 19. Bc2 Nc6 20. e5 Ncxe5 21.
Qxh7# 1-0

[Event "Terme Krka OPEN 2018"]
[Site "Otocec"]
[Date "2018.12.26"]
[Round "4"]
[White "Sinur, Zarja"]
[Black "Sumak, Klemen"]
[Result "0-1"]
[WhiteElo "1477"]
[BlackElo "1569"]
[PlyCount "154"]
[EventDate "2018.12.26"]

1. e4 e5 2. Nf3 Nc6 3. c3 Bc5 4. d4 exd4 5. cxd4 Bb6 6. d5 Ba5+ 7. Nbd2 Nce7 8.
Bb5 Nf6 9. e5 Ne4 10. O-O Nxd2 11. Nxd2 O-O 12. d6 cxd6 13. exd6 Bxd2 14. Bxd2
Nc6 15. Qc1 a6 16. Bxc6 dxc6 17. Bg5 Qxd6 18. Qf4 Qxf4 19. Bxf4 h6 20. Rae1 Be6
21. Bd6 Rfd8 22. Be7 Rd7 23. Bh4 Bxa2 24. Re7 Rxe7 25. Bxe7 Bc4 26. Rc1 Be2 27.
h3 Re8 28. Bc5 Re5 29. Bd6 Rd5 30. Be7 f6 31. b4 Kf7 32. Bc5 Bb5 33. Re1 Re5
34. Be3 Ke7 35. Bd2 Rxe1+ 36. Bxe1 b6 37. f4 c5 38. bxc5 bxc5 39. g4 Ke6 40.
f5+ Kd5 41. h4 Kd4 42. Bf2+ Kc4 43. g5 hxg5 44. hxg5 fxg5 45. Be3 g4 46. Kf2
Kb4 47. Kg2 Be2 48. Kg3 c4 49. Bd4 Bd3 50. f6 gxf6 51. Bxf6 c3 52. Bg5 c2 53.
Kxg4 Kb3 54. Kh5 Kb2 55. Bd2 c1=Q 56. Bxc1+ Kxc1 57. Kg5 a5 58. Kf4 a4 59. Ke3
Bc2 60. Kd4 a3 61. Ke5 a2 62. Kd4 a1=Q+ 63. Kd5 Qa4 64. Ke6 Qb5 65. Kd6 Qf5 66.
Kc6 Qe5 67. Kd7 Qf6 68. Kc7 Qe6 69. Kd8 Qf7 70. Kc8 Bf5+ 71. Kd8 Be4 72. Kc8
Kb2 73. Kd8 Kc3 74. Kc8 Kd4 75. Kd8 Kc5 76. Kc8 Qe7 77. Kb8 Qb7# 0-1